Hollow Knight Areas by Boss - Statistics

General Stats
  • This quiz has been taken 1,784 times
  • The average score is 12 of 16
Answer Stats
Hint Answer % Correct
Hive Knight The Hive
98%
Massive Moss Charger Greenpath
87%
Hornet Sentinel Kingdom's Edge
86%
Uumuu Fog Canyon
82%
False Knight Forgotten Crossroads
82%
Enraged Guardian Crystal Peak
81%
Soul Master City of Tears
80%
Traitor Lord Queen's Gardens
80%
Mantis Lords Fungal Wastes
79%
Broken Vessel Ancient Basin
77%
White Defender Royal Waterways
76%
Nosk Deepnest
74%
Gorb Howling Cliffs
74%
Grey Prince Zote Dirtmouth
66%
Xero Resting Grounds
63%
The Hollow Knight Infected Crossroads
41%
No matching quizzes found
Score Distribution
Percent of People with Each Score
Percentile by Number Answered
Your Score History
You have not taken this quiz